Kesalahan Bahasa dalam Bahasa Malaysia : Abdullah Hassan, Hasnah Ibrahim, Mashudi Kader

Bibliographic Details
Main Authors: Abdullah Hassan (Author), Hasnah Ibrahim (Author), Mashudi Kader (Author)
Format: Book
Language:Malay
Published: Kuala Lumpur : Dewan Bahasa dan Pustaka 1987
Subjects:

MARC

LEADER 00000cam a2200000 7i4500
001 0000004273
005 20240930.0
008 991210 my may
020 |a 9836204245 (pbk) 
040 |a INS   |b eng   |e rda 
090 0 0 |a PL5083.3   |b .A327 1987 
100 0 |a Abdullah Hassan ,   |e author 
245 1 0 |a Kesalahan Bahasa dalam Bahasa Malaysia :   |b Abdullah Hassan, Hasnah Ibrahim, Mashudi Kader 
264 1 |a Kuala Lumpur :   |b Dewan Bahasa dan Pustaka   |c 1987 
264 4 |c ©1987 
300 |a xvi, 514 pages ;   |c 22 cm. 
336 |a text  |2 rdacontent 
337 |a unmediated  |2 rdamedia 
338 |a volume  |2 rdacarrier 
650 0 |a Malay language   |x Grammar 
650 0 |a Malay language   |x Idioms 
650 0 |a Malay language   |x Usage 
700 0 |a Hasnah Ibrahim ,   |e author 
700 0 |a Mashudi Kader ,   |e author 
999 |a 0000002996   |b BOOK   |c Open Shelf   |e Default branch 
999 |a 0000003487   |b BOOK   |c Open Shelf   |e Default branch